| 000 | 01966cam a2200289 4500500 | ||
|---|---|---|---|
| 005 | 20260426020057.0 | ||
| 041 | _afre | ||
| 042 | _adc | ||
| 100 | 1 | 0 |
_aLopez, Gérard _eauthor |
| 245 | 0 | 0 | _aPlace des psychothérapies dynamiques dans le traitement des états limites post-traumatiques |
| 260 | _c2005. | ||
| 500 | _a63 | ||
| 520 | _aLes techniques thérapeutiques peuvent être utilisées à condition qu’elles aient une reconnaissance scientifique, que les thérapeutes soient formés et habilités, qu’ils aient l’expérience de la problématique des victimes et des processus de domination/soumission. Les principes cliniques plus ou moins consensuellement admis consistent à donner la parole à une victime, dans un climat d’empathie active, afin de lui permettre d’ordonner ses souvenirs pour donner un sens au traumatisme. | ||
| 520 | _aImportance of dynamic psychotherapies in the treatment of post-traumatic borderlines Therapeutic techniques can be used on the condition that they have a scientific approval, that the therapists be trained and authorized, that they be experienced with the problems of victims and the processes of domination/submission. The more or less consensus clinic principles, consist in letting the victim speak in a climate of active empathy so as to let him put in order his memories to give meaning to the trauma. | ||
| 690 | _aDonner la parole | ||
| 690 | _aDonner un sens | ||
| 690 | _aEmpathie active | ||
| 690 | _aProcessus de domination/soumission | ||
| 690 | _aTechniques thérapeutiques | ||
| 690 | _aActive empathy | ||
| 690 | _aProcesses of domination/submission | ||
| 690 | _aTherapeutic techniques | ||
| 690 | _aTo give meaning | ||
| 690 | _aTo let s.o. speak his words | ||
| 786 | 0 | _nImaginaire & Inconscient | 15 | 1 | 2005-03-01 | p. 189-199 | 1628-9676 | |
| 856 | 4 | 1 | _uhttps://shs.cairn.info/revue-imaginaire-et-inconscient-2005-1-page-189?lang=fr&redirect-ssocas=7080 |
| 999 |
_c2225403 _d2225402 |
||